| Tag |
First Indicator |
Second Indicator |
Subfields |
| LEADER |
00000cam a2200000 i 4500 |
| 001 |
in00003721621 |
| 005 |
20170926144814.0 |
| 008 |
160326t20162016mdu b 001 0 eng |
| 010 |
|
|
|a 2016014744
|
| 020 |
|
|
|a 9781442256316
|q (hardback :
|q alk. paper)
|
| 020 |
|
|
|a 1442256311
|q (hardback :
|q alk. paper)
|
| 020 |
|
|
|z 9781442256323
|q (pbk. :
|q alk. paper)
|
| 020 |
|
|
|a 144225632X
|
| 020 |
|
|
|a 9781442256323
|
| 035 |
|
|
|a (OCoLC)ocn944086759
|
| 040 |
|
|
|a DLC
|e rda
|c DLC
|d UtOrBLW
|
| 049 |
|
|
|a TXAM
|
| 050 |
0 |
0 |
|a U240
|b .B57 2016
|
| 082 |
0 |
0 |
|a 355.02/1809
|2 23
|
| 100 |
1 |
|
|a Black, Jeremy,
|d 1955-
|e author.
|0 http://id.loc.gov/authorities/names/n84074881
|
| 245 |
1 |
0 |
|a Insurgency and counterinsurgency :
|b a global history /
|c Jeremy Black.
|
| 264 |
|
1 |
|a Lanham, Maryland :
|b Rowman & Littlefield,
|c [2016]
|
| 264 |
|
4 |
|c ©2016
|
| 300 |
|
|
|a xiii, 271 pages ;
|c 24 cm.
|
| 336 |
|
|
|a text
|b txt
|2 rdacontent
|
| 337 |
|
|
|a unmediated
|b n
|2 rdamedia
|
| 338 |
|
|
|a volume
|b nc
|2 rdacarrier
|
| 504 |
|
|
|a Includes bibliographical references and index.
|
| 505 |
0 |
|
|a Insurgency to 1500 -- Contesting religion and power, 1500-1700 -- Entering the modern? The eighteenth century -- Insurgencies in an age of imperialism: the nineteenth century -- The ideology of people's war refracted, 1900-40 -- Insurrections at a height, 1940-60 -- The fall of empires, 1960-80 -- The variety of goals and means, 1980s -- After the Cold War, 1990s -- Interventionism and its failings, 2000s -- A world without shape? The present -- Speculations about the future -- Conclusions.
|
| 520 |
|
|
|a A world history of insurgencies and of counterinsurgency warfare. Jeremy Black moves beyond the conventional Western-centric narrative, reaching back to antiquity to trace the pre-modern origins of war within states.
|
| 650 |
|
0 |
|a Insurgency
|x History.
|
| 650 |
|
0 |
|a Counterinsurgency
|x History.
|
| 945 |
|
|
|b 784395
|
| 947 |
|
|
|a A14843450348
|
| 948 |
|
|
|a cataloged
|b h
|c 2016/9/23
|d c
|e dmitchel
|f 10:00:00 am
|
| 994 |
|
|
|a 92
|b TXA
|
| 999 |
f |
f |
|s 48bbc599-51c5-3b08-830d-e7ba0412137a
|i 46748668-c6a8-3cd6-8edf-43eaa6aa346a
|t 0
|
| 952 |
f |
f |
|p normal
|a Texas A&M University
|b College Station
|c Sterling C. Evans Library
|d Evans: Library Stacks
|t 0
|e U240 .B57 2016
|h Library of Congress classification
|i unmediated -- volume
|m A14843450348
|
| 998 |
f |
f |
|a U240 .B57 2016
|t 0
|l Evans: Library Stacks
|